000 00598cam a22002411 4500
001 sa 65002201
003 DLC
005 20260227112115.0
008 911206q19601965pk 000 0 urdr
010 _asa 65002201
035 _a(OCoLC)24904625
040 _aDLC
_cWaU
_dDLC
042 _apremarc
043 _aa-pk---
050 0 0 _aPK2167
_b.N5
100 0 _aNiyāz Fatḥpūrī,
_d1884-1966.
245 1 0 _aIntiqādiyāt.
260 _c[196-]
300 _a384 p.
_c18 cm.
500 _aIn Urdu.
500 _aText partially vocalized.
650 0 _aUrdu poetry
_xHistory and criticism.
999 _c62512
_d62512